Thinking smart : you are how you think: applying the theory of constraints in developing thinking skills

Bibliographic Details
Main Author: Khaw Choon Ean
Format: Book
Published: Selangor : Pelanduk Publication , 2005
Subjects:

MARC

LEADER 00000cam a2200000 7i4500
001 0000012110
005 20160330.0
008 071203
020 |a 9679789187 
090 0 0 |a 153.42   |b KHA 
100 1 |a Khaw Choon Ean 
245 1 0 |a Thinking smart :   |b you are how you think: applying the theory of constraints in developing thinking skills   |c Khaw Choon Ean 
260 |a Selangor :   |b Pelanduk Publication ,   |c 2005 
500 |a Teenager ages 13-18 years old (blue) 
650 0 |a Creative thinking 
650 0 |a Critical thinking 
650 0 |a Thought and thinking 
999 |a 0001003590   |b Book   |c Teenagers   |e Perbadanan Perpustakaan Awam Johor 
999 |a 0001003591   |b Book   |c Teenagers   |e Perbadanan Perpustakaan Awam Johor